[Event "4th Chessfestival Gredine 2018"]
[Site "Ortisei"]
[Date "2018.06.22"]
[Round "7.3"]
[White "Sonis, Francesco"]
[Black "Vocaturo, Daniele"]
[Result "1/2-1/2"]
[WhiteElo "2448"]
[BlackElo "2608"]
[Annotator "TA"]
[PlyCount "45"]
[EventDate "2018.06.16"]
[EventType "swiss"]
[EventCountry "ITA"]
[SourceTitle "playchess.com"]
[Source "ChessBase"]
[SourceQuality "1"]

{[%evp 25,45,7,10,3,4,12,6,7,7,0,0,0,0,0,0,0,0,0,0,0,119,0]} 1. d4 f5 2. c4 Nf6 3. g3 g6 4. Bg2 Bg7 5. Nf3 O-O 6. O-O d6 7. Nc3 Qe8 8. Re1 {[%cal Bf1e1,Be1e4,Be4f4][%mdl 32]} Qf7 9. e4 {A87: Dutch Defence: Leningrad System: 5 Nf3} fxe4 10. Ng5 Qxc4 11. Ngxe4 Nxe4 12. Rxe4 Qf7 13. Rf4 Bf6 {LiveBook: 10 Games} 14. Nd5 g5 15. Rf3 c6 ({But not} 15... Qxd5 $2 16. Rxf6 $1 {[%mdl 512]} Qxg2+ 17. Kxg2 $18) 16. Nc7 Bg4 17. Nxa8 {[#] aiming for Rxf6.} Bxf3 $146 18. Bxf3 {Hoping for Bh5.} Na6 $1 19. Bh5 Qd5 20. Bf3 Qf7 $1 21. Bh5 Qe6 22. Bg4 Qf7 {[#]} (22... Qd5 $11) 23. Bh5 ({Better is} 23. d5 $1 $16 Qxd5 24. Qxd5+ cxd5 25. Be6+ Kg7 26. Bxd5) 1/2-1/2

[Event "4th Chessfestival Gredine 2018"]
[Site "Ortisei"]
[Date "2018.06.22"]
[Round "7.4"]
[White "Kveinys, Aloyzas"]
[Black "Kumar, Nikhil"]
[Result "1/2-1/2"]
[WhiteElo "2519"]
[BlackElo "2286"]
[Annotator "TA"]
[PlyCount "111"]
[EventDate "2018.06.16"]
[EventType "swiss"]
[EventCountry "ITA"]
[SourceTitle "playchess.com"]
[Source "ChessBase"]
[SourceQuality "1"]

{[%evp 24,111,-22,-24,-12,0,10,10,17,28,44,31,43,28,158,32,44,43,54,15,16,0,0,0,0,0,0,0,0,0,0,0,0,-15,0,0,0,0,0,0,8,8,8,8,8,8,8,3,8,0,0,-26,0,0,0,0,0,0,0,0,0,0,0,0,0,0,0,0,0,0,0,0,0,0,8,8,8,0,0,0,0,0,8,8,8,8,8,8,8,8]} 1. d4 Nf6 2. c4 e6 3. Nc3 Bb4 4. e3 O-O 5. Bd3 d5 6. Nf3 c5 7. O-O cxd4 8. exd4 dxc4 9. Bxc4 b6 10. Bg5 Bb7 11. Re1 Nbd7 {E54: Nimzo-Indian: Rubinstein: Main Line: 7...dxc4 8 Bxc4} 12. Qd3 (12. Rc1 Rc8 13. Bd3 h6 14. Bh4 a6 15. Qe2 b5 16. Ne5 Be7 17. Bg3 b4 18. Na4 Nxe5 19. dxe5 Nd5 20. Bxa6 Bxa6 21. Qxa6 {½-½ (33) Korobov,A (2692)-Anand,V (2779) Doha 2016}) 12... Rc8 13. Rac1 {LiveBook: 3 Games} h6 {Black has an edge.} 14. Bh4 Be7 $146 ({Predecessor:} 14... Bxf3 15. gxf3 Qc7 16. Ba6 Rcd8 17. Nd5 Qd6 18. Nxf6+ Nxf6 19. Bxf6 gxf6 20. Re4 f5 21. Rh4 Qe7 22. Rxh6 Qg5+ {0-1 (22) Boccuzzi,S (800)-Hicdoenmez,H (1210) IECG email 2007}) 15. Ba6 Bxa6 16. Qxa6 Qc7 {[#]} 17. d5 $1 {[%mdl 512]} Nc5 (17... exd5 18. Rxe7) 18. Qe2 Nh5 {[#]} (18... Rfe8 $11) 19. Bg3 ({Inferior is} 19. dxe6 Nf4 $11) (19. g3 $1 $16) 19... Nxg3 $14 20. hxg3 {Strongly threatening b4.} a5 21. Nd4 {[%cal Rd5e6]} Bf6 22. Ncb5 (22. Ndb5 {seems wilder.} Qe7 23. Rcd1 Rfe8 24. Qg4 Bxc3 25. Nxc3 Qb7 26. a3) 22... Qd7 $36 {[%mdl 2048] White must now prevent ...e5. Black fights for an advantage.} 23. dxe6 Nxe6 24. Nxe6 Qxe6 25. Qxe6 fxe6 26. b3 Rxc1 27. Rxc1 $11 {[%mdl 4096] Endgame KRB-KRN} Rd8 28. Rc2 Rd1+ 29. Kh2 Rb1 30. Na3 Rb2 31. g4 a4 32. Rxb2 Bxb2 {KB-KN} 33. Nc4 Bd4 34. Kg3 axb3 35. axb3 Kf7 36. f3 g5 37. Kh3 Kf6 38. g3 {The position is equal.} Bc5 {aiming for ...b5.} 39. f4 b5 40. Nd2 Be3 41. Ne4+ Kg6 42. fxg5 Bxg5 43. Kg2 Bd8 44. Kf3 Bc7 45. Nc3 b4 46. Ne4 Bd8 47. Ke2 Bc7 48. Kd3 h5 49. gxh5+ Kxh5 50. Ke3 Kg4 51. Kf2 Bb6+ 52. Kg2 Bd4 53. Nf2+ Kf5 54. Nd3 Kg4 55. Nxb4 Be5 56. Nd3 {Precision: White = 73%, Black = 52%.} 1/2-1/2

[Event "4th Chessfestival Gredine 2018"]
[Site "Ortisei"]
[Date "2018.06.22"]
[Round "7.5"]
[White "Moroni, Luca Jr"]
[Black "Volkov, Dmitriy"]
[Result "1-0"]
[WhiteElo "2549"]
[BlackElo "2334"]
[Annotator "TA"]
[PlyCount "71"]
[EventDate "2018.06.16"]
[EventType "swiss"]
[EventCountry "ITA"]
[SourceTitle "playchess.com"]
[Source "ChessBase"]
[SourceQuality "1"]

{[%evp 22,71,34,41,59,34,27,0,0,0,0,-20,20,0,0,-10,52,64,91,81,113,120,458,443,549,530,637,622,805,780,797,586,1067,1113,1122,1120,1109,1119,1119,1118,1102,1099,981,876,1108,602,595,595,536,564,543,249]} 1. d4 Nf6 2. c4 g6 3. g3 Bg7 4. Bg2 d6 5. Nc3 O-O 6. Nf3 Nc6 7. O-O a6 8. b3 Rb8 9. d5 Na5 {E63: Königsindisch (6...Sc6)} 10. Bg5 (10. Bd2 c5 11. dxc6 Nxc6 12. Qc1 Bd7 13. Bh6 b5 14. Bxg7 Kxg7 15. cxb5 axb5 16. Qb2 Kg8 17. b4 Qb6 18. Rfd1 Rfc8 {½-½ (77) Inarkiev,E (2689)-Zhao,J (2604) Riadh 2017}) 10... h6 11. Bd2 c5 12. dxc6 {LiveBook: 6 Partien} bxc6 13. e4 $146 ({Vorgänger:} 13. Rc1 Nd7 14. e4 Nc5 15. Qe2 Bg4 16. h3 Bxf3 17. Bxf3 {1-0 (45) Lehner,O (2396)-De Rosa,M (2120) Porto Mannu 2018}) 13... Nd7 14. Qc2 c5 15. Rad1 Nc6 16. Bf4 e5 17. Bd2 ({Nicht} 17. Rxd6 Nb4 $17) 17... Nb6 18. h3 f5 (18... Nd4 $11 19. Nxd4 cxd4) 19. Qc1 $14 fxe4 20. Nxe4 Rxf3 21. Bxh6 ({Lieber nicht} 21. Bxf3 Nd4 $15) 21... Rf8 $2 {[%mdl 8192]} (21... Nd4 $16 22. Rxd4 cxd4 23. Bxf3 Bxh3 24. Bxg7 Kxg7) 22. Rxd6 $18 {Weiß steht klar auf Gewinn.} Qe8 23. Qg5 Rf5 24. Qh4 Ne7 25. Rfd1 Nd7 26. g4 Rf8 27. Bxg7 Kxg7 28. Re6 {[#] Droht stark Sd6.} Rf7 29. Nd6 Qf8 30. Nxf7 Kxf7 31. Rdd6 Ke8 32. Bc6 Qg7 33. Bxd7+ Bxd7 {[#]} 34. Rxe7+ $1 {[%mdl 512]} Qxe7 35. Qh8+ Qf8 36. Qxf8+ {Precision: Weiß = 60%, Schwarz = 38%.} (36. Qxe5+ $142 Qe7 37. Qh8+ Qf8 38. Qxf8+ Kxf8 39. Rxd7) 1-0

[Event "4th Chessfestival Gredine 2018"]
[Site "Ortisei"]
[Date "2018.06.22"]
[Round "7.6"]
[White "Borgo, Giulio"]
[Black "Pruijssers, Roeland"]
[Result "0-1"]
[WhiteElo "2397"]
[BlackElo "2514"]
[Annotator "TA"]
[PlyCount "82"]
[EventDate "2018.06.16"]
[EventType "swiss"]
[EventCountry "ITA"]
[SourceTitle "playchess.com"]
[Source "ChessBase"]
[SourceQuality "1"]

{[%evp 16,82,29,26,32,18,27,0,1,-56,-45,-56,-50,-63,-63,-68,-67,-91,-92,-93,-88,-112,-74,-67,-82,-195,-152,-170,-126,-136,-143,-110,57,63,0,0,148,139,141,127,199,179,243,235,197,165,172,16,119,-361,-356,-369,-356,-468,-458,-417,-406,-486,-457,-514,-317,-2437,-2266,-29977,-29978,-29983,-29984,-29984,-29984]} 1. e4 d5 2. exd5 Qxd5 3. Nc3 Qa5 4. d4 Nf6 5. Bc4 Bg4 6. Nge2 {B01: Scandinavian Defence} e6 (6... Nc6 7. O-O O-O-O 8. Be3 e5 9. d5 Nb4 10. Bg5 c6 11. a3 Nbxd5 12. Nxd5 cxd5 13. Bb3 h6 14. Bxf6 gxf6 15. Qe1 Qxe1 16. Rfxe1 {1-0 (49) Harikrishna,P (2744)-Ivanchuk,V (2726) Huaian 2017}) 7. Bd2 Qb6 8. O-O Nbd7 9. Be3 {LiveBook: 4 Games} c6 10. h3 $146 ({Predecessor:} 10. d5 Qb4 11. dxc6 Qxc4 12. cxd7+ Nxd7 13. h3 Bh5 {½-½ (28) Gustain,M (2132)-Fischer,S (2219) Stuttgart 2017}) 10... Bxe2 11. Qxe2 {Strongly threatening d5.} Qxb2 12. Qd3 (12. Bd2 $11 Qa3 13. d5) 12... Qa3 $15 13. Rab1 b5 {[%cal Bb7b5,Bb5b4][%mdl 32]} 14. Bb3 a5 15. Bc1 Qd6 16. a4 b4 17. Ne2 Qc7 18. f4 Bd6 19. f5 e5 20. g4 (20. Qg3 $17 {is a better defense.} Rg8 21. Re1) 20... h6 21. Qf3 O-O 22. h4 {[%cal Bh3h4,Bh4g5][%mdl 32]} exd4 23. g5 hxg5 $2 (23... Ne5 $17 24. Qg2 hxg5 25. hxg5 Nd5 $1 {[%mdl 512]}) 24. hxg5 $14 Nd5 {White must now prevent ...Rae8.} 25. Kg2 {Rh1 is the strong threat.} Be5 (25... Rfe8 $1 $11 {keeps the balance.}) 26. Rh1 Rfe8 27. Bd2 $1 g6 {[#]} (27... Nc5 $16) 28. Rbf1 $1 $18 gxf5 (28... Bg7 {was worth a try.}) 29. Qh5 Nf8 30. Rxf5 Bg7 31. Ng3 $2 (31. Nf4 $18 Re5 32. g6 (32. Nxd5 cxd5 33. Bf4 Rae8 $16) 32... Rxf5 33. Qxf5) 31... Re6 {[#]} (31... Ra7 $11) 32. Rxd5 $2 {[%mdl 8192]} (32. Rf2 $1 $16 {stays on course.}) 32... cxd5 $19 33. Nf5 Qe5 34. Nxg7 Qxg7 35. Bxd5 Rc8 36. Bxe6 Nxe6 37. Re1 Qh7 38. Qg4 $2 (38. Qxh7+ Kxh7 39. Rc1) 38... Rxc2 39. Re2 Qd3 {Black mates.} 40. g6 {[#]} Qxe2+ $1 {[%mdl 512]} 41. Qxe2 {[#]} Nf4+ $1 {[%mdl 512] Precision: White = 37%, Black = 53%.} 0-1

[Event "4th Chessfestival Gredine 2018"]
[Site "Ortisei"]
[Date "2018.06.22"]
[Round "7.7"]
[White "Hecht, Hans-Joachim"]
[Black "Kindermann, Stefan"]
[Result "1/2-1/2"]
[WhiteElo "2327"]
[BlackElo "2506"]
[Annotator "TA"]
[PlyCount "40"]
[EventDate "2018.06.16"]
[EventType "swiss"]
[EventCountry "ITA"]
[SourceTitle "playchess.com"]
[Source "ChessBase"]
[SourceQuality "1"]

{[%evp 17,40,4,33,22,26,-14,-17,-17,-11,-17,-17,-17,184,-17,-17,-14,0,0,0,-25,0,0,0,0,0]} 1. Nf3 f5 2. g3 Nf6 3. Bg2 g6 4. c4 Bg7 5. Nc3 O-O 6. O-O d6 7. d3 {[%cal Bd2d3,Bd3d4,Bd4d5][%mdl 32]} Nc6 8. Rb1 a5 9. a3 Nh5 {LiveBook: 40 Partien} 10. d4 {A10: Abarten von Holländisch, Damenindisch, Königsindisch (ohne d2-d4)} (10. Bd2 f4 11. b4 axb4 12. axb4 Bg4 13. Nd5 fxg3 14. hxg3 Qd7 15. b5 Nd4 16. Nxd4 Bxd4 17. Be3 Bg7 18. Qd2 {1-0 (71) Bezold,M (2547)-Kindermann,S (2528) Munich 2016}) 10... f4 11. d5 Ne5 12. Nxe5 Bxe5 13. Qd3 $146 ({Vorgänger:} 13. Ne4 Bf5 14. Qd3 a4 15. Bd2 c6 16. Bc3 Bxc3 17. bxc3 Qd7 {1-0 (39) Rooze,J (2291)-Deglmann,L (2304) Augsburg 2012}) 13... Bf5 14. Be4 Bh3 $2 {[#]} (14... Qd7 $11 {und Schwarz muss sich keine Sorgen machen.}) 15. Bg2 $2 (15. gxf4 $18 Qd7 16. fxe5 Qg4+ 17. Kh1 Bxf1 18. Be3) 15... Qd7 $11 16. Bd2 Bf5 17. Be4 Bh3 18. Bg2 $1 Bf5 19. Be4 Bh3 20. Bg2 $1 Bf5 {Precision: Weiß = 42%, Schwarz = 46%.} 1/2-1/2

[Event "4th Chessfestival Gredine 2018"]
[Site "Ortisei"]
[Date "2018.06.22"]
[Round "7.8"]
[White "Gholami, Aryan"]
[Black "Vaishali R"]
[Result "0-1"]
[WhiteElo "2490"]
[BlackElo "2310"]
[Annotator "TA"]
[PlyCount "118"]
[EventDate "2018.06.16"]
[EventType "swiss"]
[EventCountry "ITA"]
[SourceTitle "playchess.com"]
[Source "ChessBase"]
[SourceQuality "1"]

{[%evp 18,118,0,0,0,-2,0,0,0,0,0,0,0,-4,0,-7,10,-17,0,0,-14,-13,0,-17,-12,-31,-10,-10,-10,-10,-10,-14,-13,-27,-7,-25,-7,-15,-9,-19,9,0,0,-37,0,-18,-16,-43,-37,-47,0,0,0,0,0,-18,0,-18,-15,-104,-8,-8,0,-8,-10,-10,-10,-10,0,0,0,-7,-16,-98,-83,-210,-206,-307,-363,-345,0,-179,0,-197,-160,-223,-223,-29979,-29980,-29980,-29981,-29981,-29982,-29982,-29983,-29983,-29984,-29985,-29986,-29994,-29995,-29995,-29996]} 1. d4 Nf6 2. Bf4 d5 3. e3 c5 4. Nd2 Nc6 5. Ngf3 cxd4 6. exd4 {D00: Damenbauernspiele} Bf5 7. c3 e6 8. Qb3 Bd6 9. Bxd6 Qxd6 10. Be2 {LiveBook: 7 Partien} O-O 11. O-O Ne4 12. Nxe4 $146 ({Ein No Go ist} 12. Qxb7 Rfb8 $17) ({Vorgänger:} 12. Qd1 h6 13. Nxe4 Bxe4 {½-½ (35) Skoberne,J (2544)-Fressinet,L (2657) Heraklio 2017}) 12... Bxe4 13. Nd2 Bg6 14. Rfe1 Rfc8 15. h4 Qf4 16. Nf3 Bh5 17. Qxb7 Rab8 18. Qa6 $1 Bxf3 19. Bxf3 Qxh4 20. Re2 Qd8 (20... Qg5 {with more complications.} 21. b3 Rc7 22. Rd1 Rbc8 23. Qb5 Qf4) 21. Rae1 (21. b3 {feels hotter.} Rb6 22. Qa3 Ne7 23. Rc2 Nf5 24. Rd1) 21... Qa5 (21... Rb6 {seems wilder.} 22. Qa3 h6 23. Rd1 a5 24. Qa4 Ne7) 22. Qxa5 Nxa5 23. b3 g6 24. Rc2 Nc6 {zielt auf ...Sxd4! ab.} 25. Rec1 Rc7 26. Be2 a5 27. f3 h5 28. Kf2 Kf8 29. Ke3 Ke7 30. f4 Rbc8 31. Bd3 Kd6 32. a3 Ne7 33. c4 Nf5+ 34. Bxf5 $1 gxf5 $11 {[%mdl 4096] Endspiel KTT-KTT} 35. c5+ Kc6 36. Rb1 Rb7 37. Rcb2 Rg8 {Droht stark ...Tg3+.} 38. b4 (38. Kf2 $11 {hält das Gleichgewicht.}) 38... axb4 ({Günstiger ist} 38... Rg3+ $1 $17 39. Kf2 Rxa3) 39. axb4 Rgb8 40. Kd3 Rb5 41. Kc3 Rg8 {Und weiter mit ...Tg3+ wäre nett.} 42. Rd1 Rb7 43. Rd3 Ra8 44. Rg3 Kb5 45. Rg7 (45. Rh3 $11 {bleibt in der Remisbreite.}) 45... h4 $1 $17 46. Rb3 (46. Rc2 $17 {ist eine bessere Verteidigung.}) 46... Rba7 $1 $19 47. Kd3 (47. Rb2 $142) 47... Ra2 {...Th8 ist eine echte Drohung.} 48. Kc3 R2a7 $2 ({Besser ist} 48... Re2 $1 $19 {( -> ...Taa2)} 49. Rxf7 Raa2 50. Rb7+ Kc6 51. Rb6+ Kd7) 49. Rb2 $2 (49. Kd3 $1 $11 {und Weiss muss sich keine Sorgen machen.}) 49... Ra3+ $2 (49... Rh8 $1 $19 {Droht ...h3 und aus.} 50. Kd2 h3 51. gxh3 Rxh3) 50. Kc2 $2 (50. Rb3 $1 $11 {und Weiss steht sicher.}) 50... h3 51. gxh3 (51. Rb3 $17 {kämpft weiter.}) 51... Rxh3 52. Rxf7 $2 (52. c6 $19) 52... Kc4 $1 {Schwarz setzt Matt.} 53. Rg7 {[#]} Rh2+ $1 54. Kb1 Rh1+ 55. Kc2 Raa1 56. Rg2 {[#]} Rhd1 $1 {[%csl Gd1][%cal Ra1c1]} 57. Rb3 Rdc1+ 58. Kb2 Rcb1+ 59. Kc2 Rxb3 {Precision: Weiß = 34%, Schwarz = 61%.} 0-1

[Event "4th Chessfestival Gredine 2018"]
[Site "Ortisei"]
[Date "2018.06.22"]
[Round "7.9"]
[White "Molina, Fabrizio"]
[Black "Bertagnolli, Alexander"]
[Result "1-0"]
[WhiteElo "2212"]
[BlackElo "2398"]
[Annotator "NA"]
[PlyCount "115"]
[EventDate "2018.06.16"]
[EventType "swiss"]
[EventCountry "ITA"]
[SourceTitle "playchess.com"]
[Source "ChessBase"]
[SourceQuality "1"]
[TimeControl "40/5400+30:1800+30"]

1. d4 {[%emt 0:00:30]} Nf6 {[%emt 0:01:00]} 2. Bf4 {[%emt 0:00:30]} c5 {[%emt 0:01:30]} 3. dxc5 {[%emt 0:06:30]} Qa5+ {[%emt 0:02:30]} 4. Nd2 {[%emt 0:02:30]} Qxc5 {[%emt 0:11:30]} 5. e3 {[%emt 0:03:30]} g6 {[%emt 0:05:30]} 6. Nb3 {[%emt 0:03:30]} Qb6 {[%emt 0:00:30]} 7. Nf3 {[%emt 0:01:30]} Bg7 {[%emt 0:00:30]} 8. c3 {[%emt 0:01:30]} d6 {[%emt 0:01:30]} 9. h3 {[%emt 0:00:30]} O-O {[%emt 0:02:30]} 10. Be2 {[%emt 0:05:30]} a5 {[%emt 0:12:30]} 11. a4 {[%emt 0:01:30]} e5 {[%emt 0:00:30]} 12. Bh2 {[%emt 0:00:30]} Be6 {[%emt 0:00:30]} 13. Nfd2 {[%emt 0:06:30]} Nbd7 {[%emt 0:09:30]} 14. Nc4 {[%emt 0:03:30]} Qc6 {[%emt 0:00:00]} 15. Nbd2 {[%emt 0:11:30]} Bd5 {[%emt 0:01:00]} 16. Bf3 {[%emt 0:16:30]} Bxf3 {[%emt 0:03:30]} 17. Qxf3 {[%emt 0:00:30]} e4 {[%emt 0:00:30]} 18. Qe2 {[%emt 0:00:30]} d5 {[%emt 0:01:30]} 19. Ne5 {[%emt 0:01:30]} Nxe5 {[%emt 0:04:30]} 20. Bxe5 {[%emt 0:00:30]} Nd7 {[%emt 0:00:30]} 21. Bxg7 {[%emt 0:08:30]} Kxg7 {[%emt 0:00:30]} 22. Nb3 {[%emt 0:01:30]} Ne5 {[%emt 0:00:30]} 23. O-O {[%emt 0:00:30]} f5 {[%emt 0:10:30]} 24. Rfd1 {[%emt 0:00:00]} f4 {[%emt 0:03:30]} 25. exf4 {[%emt 0:00:00]} Rxf4 {[%emt 0:02:30]} 26. Qb5 {[%emt 0:03:30]} Nd3 {[%emt 0:02:30]} 27. Nd4 {[%emt 0:00:30]} Qxb5 {[%emt 0:02:30]} 28. axb5 {[%emt 0:00:30]} Rf6 {[%emt 0:00:33]} 29. Rd2 {[%emt 0:00:30]} b6 {[%emt 0:02:56]} 30. Rad1 {[%emt 0:03:21]} a4 {[%emt 0:03:50]} 31. Ra1 {[%emt 0:01:37]} Ra5 {[%emt 0:00:44]} 32. f3 {[%emt 0:02:38]} Kf7 {[%emt 0:03:37]} 33. fxe4 {[%emt 0:00:57]} dxe4 {[%emt 0:00:01]} 34. Re2 {[%emt 0:01:22]} Nc5 {[%emt 0:00:39]} 35. Ra3 {[%emt 0:03:56]} Rd6 {[%emt 0:05:10]} 36. Kf2 {[%emt 0:02:26]} Ne6 {[%emt 0:04:38]} 37. Nxe6 {[%emt 0:02:13]} Rxe6 {[%emt 0:00:00]} 38. c4 {[%emt 0:02:01]} Kf6 {[%emt 0:00:01]} 39. Rd2 {[%emt 0:00:54]} Ra8 {[%emt 0:00:36]} 40. Ke3 {[%emt 0:00:33]} Ree8 {[%emt 0:32:09]} 41. Rd6+ {[%emt 0:02:02]} Ke5 {[%emt 0:00:00]} 42. Rxb6 {[%emt 0:00:30]} Rad8 {[%emt 0:00:00]} 43. Rb7 {[%emt 0:04:30]} Rd1 {[%emt 0:00:00]} 44. Rxa4 {[%emt 0:08:32]} Rd3+ {[%emt 0:00:00]} 45. Ke2 {[%emt 0:00:28]} Rb3 {[%emt 0:00:00]} 46. Rd7 {[%emt 0:01:16]} Rxb2+ {[%emt 0:00:00]} 47. Rd2 {[%emt 0:00:00]} Rxd2+ {[%emt 0:00:00]} 48. Kxd2 {[%emt 0:00:20]} Kd4 {[%emt 0:00:00]} 49. b6 {[%emt 0:04:08]} Rb8 {[%emt 0:00:00]} 50. Rb4 {[%emt 0:01:37]} Rb7 {[%emt 0:00:00]} 51. h4 {[%emt 0:04:23]} h6 {[%emt 0:00:00]} 52. g4 {[%emt 0:00:29]} e3+ {[%emt 0:00:00]} 53. Ke2 {[%emt 0:00:32]} Kc5 {[%emt 0:00:00]} 54. Rb1 {[%emt 0:00:39]} Kxc4 {[%emt 0:00:00]} 55. Kxe3 {[%emt 0:00:03]} Kc5 {[%emt 0:00:00]} 56. Ke4 {[%emt 0:01:01]} Re7+ {[%emt 0:00:00]} 57. Kf4 {[%emt 0:00:12]} Kc6 {[%emt 0:00:00]} 58. b7 {[%emt 0:02:42]} 1-0

[Event "4th Chessfestival Gredine 2018"]
[Site "Ortisei"]
[Date "2018.06.22"]
[Round "7.10"]
[White "Jaracz, Pawel"]
[Black "Seyb, Dieter"]
[Result "1-0"]
[WhiteElo "2467"]
[BlackElo "2179"]
[Annotator "TA"]
[PlyCount "55"]
[EventDate "2018.06.16"]
[EventType "swiss"]
[EventCountry "ITA"]
[SourceTitle "playchess.com"]
[Source "ChessBase"]
[SourceQuality "1"]

{[%evp 16,55,0,0,-12,-11,28,-27,0,0,20,12,15,0,0,13,16,8,228,228,216,223,240,233,251,251,235,249,283,285,263,271,353,360,618,619,600,538,660,585,548,491]} 1. Nf3 b6 2. e4 Bb7 3. Nc3 e6 4. d4 Bb4 5. Bd3 Nf6 6. Qe2 d5 7. e5 Ne4 8. Bd2 Bxc3 {B00: Queen's Fianchetto Defence, Nimzowitsch Defence} 9. bxc3 {[%cal Bb2c3,Bc3c4][%mdl 32] LiveBook: 5 Games} c5 10. O-O (10. dxc5 Nxc5 11. h4 Nbd7 12. Rh3 Qc7 13. Kf1 Ne4 14. Re1 Nxe5 15. Nxe5 Qxe5 16. Bb5+ {1-0 (33) Bachmann,A (2646)-Donchenko,A (2563) Chartres 2017}) 10... h6 {The position is equal.} 11. Qe3 (11. dxc5 $142 Nd7 12. cxb6) 11... O-O 12. dxc5 $146 ({Predecessor:} 12. Ne1 Nc6 13. Bxe4 dxe4 14. Qxe4 Nxd4 15. Qg4 Nf5 16. Qe2 {0-1 (42) Ellis,G (1738)-Thomas,B (1850) Cardiff 2015}) 12... Nd7 13. cxb6 axb6 14. c4 Nxd2 15. Nxd2 Nc5 16. Rfb1 $40 {[%mdl 128] White mounts an attack.} Ra3 $2 {[#]} (16... Qc7 $11 {and Black is okay.}) 17. Bh7+ $1 $18 {[%mdl 512]} Kxh7 18. Qxa3 dxc4 19. Qe3 Qd5 {[%csl Gb7][%cal Rd5g2]} 20. f3 Nd7 21. a4 {[%cal Ba2a4,Ba4a5,Ba5a6,Ba6a7][%mdl 32]} Bc6 22. Qe4+ Qxe4 23. Nxe4 Rb8 24. a5 b5 $2 {[#]} (24... bxa5 25. Rxb8 Nxb8 26. Rxa5 Bd5) 25. a6 {White is clearly winning.} Nxe5 26. Nd6 b4 27. a7 Rd8 28. Ra6 {Precision: White = 59%, Black = 30%.} 1-0

[Event "4th Chessfestival Gredine 2018"]
[Site "Ortisei"]
[Date "2018.06.22"]
[Round "7.11"]
[White "Wiesinger, Robert"]
[Black "Solomon, Kenny"]
[Result "1-0"]
[WhiteElo "2199"]
[BlackElo "2419"]
[Annotator "TA"]
[PlyCount "81"]
[EventDate "2018.06.16"]
[EventType "swiss"]
[EventCountry "ITA"]
[SourceTitle "playchess.com"]
[Source "ChessBase"]
[SourceQuality "1"]

{[%evp 22,81,-13,-20,0,0,0,0,0,0,44,32,50,53,56,46,37,-46,70,70,74,57,79,60,77,13,15,0,99,114,161,157,177,163,180,102,104,70,72,73,90,80,143,177,240,223,354,348,424,397,378,376,438,404,1382,1271,5585,5021,12841,12842,12842,12843]} 1. e4 {[%cal Be2e4,Be4e5][%mdl 32]} e5 2. Nf3 Nc6 3. d4 exd4 4. Nxd4 Nf6 {[%cal Bg8f6,Bf6d5,Bd5b6][%mdl 32]} 5. Nxc6 bxc6 6. e5 Qe7 7. Qe2 Nd5 8. c4 Nb6 9. Nc3 a5 10. Qe4 {C45: Scotch Game} (10. Bd2 Ba6 11. b3 Qe6 12. Qe4 O-O-O 13. Be2 Re8 14. O-O Qxe5 15. Qc2 Bd6 16. g3 Bb7 17. Bf3 Qf6 {½-½ (42) Van Foreest,J (2609)-Almasi,Z (2707) Heraklio 2017}) 10... g6 11. f4 Bg7 12. Be3 {LiveBook: 6 Games. The position is equal.} Qb4 13. O-O-O Rb8 {[#] aiming for ...Nxc4!} 14. a3 Qb3 {[#]} 15. Qc2 $146 ({Predecessor:} 15. Rd2 O-O 16. Qc2 Na4 17. Qxb3 Rxb3 {½-½ (63) Andriuschenko,N (2551)-Ograbek,G (2359) ICCF email 2005}) 15... Qxc2+ (15... Na4 $5 16. Qxb3 Rxb3 $11) 16. Kxc2 d6 17. Bxb6 Rxb6 18. c5 dxc5 19. Rd2 ({White should try} 19. Na4 $14) 19... Bg4 (19... Be6 $15) 20. Na4 $1 $14 Rb8 21. Nxc5 g5 22. g3 $36 {[%mdl 2048] White is pushing.} Bh6 23. Rd4 (23. Be2 $16 Bxe2 24. Rxe2) 23... gxf4 $11 24. gxf4 Ke7 (24... Rd8 $11 {remains equal.} 25. Rxd8+ Kxd8) 25. Rg1 $16 Bf5+ 26. Bd3 Bxd3+ 27. Nxd3 ({Don't play} 27. Kxd3 Rhd8 $16) 27... Rhg8 28. Rxg8 (28. Rg3 $18) 28... Rxg8 $18 {[%mdl 4096] Endgame KRB-KRN} 29. Ra4 Rg2+ 30. Kc3 Rxh2 31. Rxa5 Rh1 (31... f6 $142) 32. Ra7 Kd8 (32... Kd7 $142 33. Kd4 Bf8) 33. Kd4 Rd1 (33... Kd7 {was necessary.} 34. Ra8 Rh4) 34. Ke4 Bg7 35. Ra8+ Ke7 36. Rc8 Kd7 37. Rg8 Rg1 (37... Bh6 $142 38. Nc5+ Ke7) 38. f5 {[%cal Bf4f5,Bf5f6][%mdl 32] White is clearly winning.} Rg4+ 39. Kf3 Rg5 40. Nc5+ Ke7 41. f6+ {Precision: White = 59%, Black = 24%.} 1-0